000 00822nam a2200241 a 4500
001 000018798
005 20250714091949.0
008 100519s2010 dr a 000 0 spa d
020 _a9789945163469
040 _aDO-SdBNP
_bspa
_cBNPHU
082 _a320.97293
_bD473e
100 1 _aDespradel, Fidelio
_9324
245 1 4 _aUna estrategia :
_btres vías /
_cFidelio Despradel ; prólogo Nelson Moreno-Ceballos.
260 _aSanto Domingo :
_bBúho,
_c2010.
300 _a167 p. :
_bil. ;
_c23 cm.
590 _aInventariado, 2018/ YL
650 4 _aIzquierdas (política)
_940534
650 4 _aMovimientos revolucionarios
_91376
650 0 _aSocialismo
_9287
651 0 _aRepública Dominicana
_xPolítica y gobierno
_945
700 1 _aMoreno-Ceballo, Nelson,
_epról.
_940535
910 _aValidado. Control de calidad MFF
999 _c18318
_d18318